Quizzes
Events
Quiz Creation
Community
Videos
Private Events
Remove Ads
Sign In
Join for FREE
Feedback
Dark Mode
Quiz Categories
Sports
Geography
Music
Movies
Television
Just For Fun
Miscellaneous
History
Literature
Language
Science
Gaming
Entertainment
Religion
Holiday
For Kids
Quiz Lab
Recent
Popular Today
Quiz Kudos Today
Editor Picks
Curator Picks
Quizzes by...
Day
Popularity
Type
Ratings
Length
Year
Community
Subscriptions
Recent Discussions
Orange Saloon
Badges
Playlists
Quests
Create
Leaderboards
Showdown
Live 5
Trivia Bingo
Activity
Puzzle Library
Sporcle Events
Private Events
Virtual Trivia
Globe League
Become a Host
Pub Owners
SporcleCon
Opinionation
Our Games
Videos
Blog
Mobile Apps
Partnerships
Remove Ads and Go Orange
Feedback
Gaming
Video Games
Board Games
Card Games
Pokémon
Mario
Nintendo
Minecraft
Console
Toys
Legend of Zelda
Gaming
Video Games
Board Games
Card Games
Pokémon
Mario
Nintendo
Minecraft
Console
Toys
Legend of Zelda
Random Quiz
Search Sporcle
×
Quiz Lab
Quiz Lab
Gaming
Card Games
Type in answers that appear in a list
Type in answers that appear in a list
Classic
Best Score? Go Orange.
Cards in Starter deck Pegasus Stats
Can you name the Cards in Starter deck Pegasus?
By
stpgnrvr
12m
50 Questions
163 Plays
163 Plays
163 Plays
Comments
Comments
Give Quiz Kudos
Give Quiz Kudos
-
- Ratings
hide this ad
Replay
Link that replays current quiz
Next Quiz
Link to next quiz in quiz playlist
You Got
0%
They Got
Avg Score
46%
Avg Friend Score
Upgrade to see
Score Distribution
Jump to the score distribution portion of the page
Score
0/50
Timer
12:00
0
Plays Today
Info
Card
% Correct
SDP-
024 TW
Toon World
89%
SDP-
001 R
Relinquished
87.7%
SDP-
021 TSS
Toon Summoned Skull
81.6%
SDP-
023 TM
Toon Mermaid
80.4%
SDP-
020 BETD
Blue Eyes Toon Dragon
69.9%
SDP-
022 MRR
Manga Ryu Ran
69.3%
SDP-
035 MR
Monster Reborn
66.3%
SDP-
003 RR
Ryu Ran
64.4%
SDP-
026 DH
Dark Hole
63.8%
SDP-
041 TH
Trap Hole
63.2%
SDP-
028 F
Fissure
62.6%
SDP-
037 Y
Yami
60.1%
SDP-
030 COH
Change of Heart
58.9%
SDP-
038 BIR
Black Illusion Ritual
58.9%
SDP-
009 TA
Toon Alligator
58.3%
SDP-
002 RAG
Red Archery Girl
56.4%
SDP-
046 UO
Ultimate Offering
56.4%
SDP-
032 MST
Mystical Space Typhoon
55.8%
SDP-
048 MJ
Magic Jammer
55.2%
SDP-
029 DS
De-Spell
54.6%
SDP-
027 DKTCM
Dian Keto the Cure Master
53.4%
SDP-
014 WOTBF
Witch of the Black Forest
52.8%
SDP-
042 R
Reinforcements
52.8%
SDP-
044 W
Waboku
52.8%
SDP-
007 GSOS
Giant Soldier of Stone
49.7%
Info
Card
% Correct
SDP-
034 RT
Remove Trap
49.7%
SDP-
010 HH
Hane-Hane
48.5%
SDP-
043 CW
Castle Walls
47.9%
SDP-
006 U
Uraby
47.2%
SDP-
004 IFM
Illusionist Faceless Mage
44.8%
SDP-
015 MEB
Man-Eater Bug
43.6%
SDP-
045 STOTB
Seven Tools of the Bandit
39.9%
SDP-
050 GW
Gryphon Wing
37.4%
SDP-
013 MOD
Mask of Darkness
35.6%
SDP-
005 RD
Rogue Doll
34.4%
SDP-
040 GC
Graceful Charity
33.7%
SDP-
025 BP
Black Pendant
32.5%
SDP-
049 EJ
Enchanted Javelin
30.7%
SDP-
033 RR
Rush Recklessly
29.4%
SDP-
036 SR
Soul Release
26.4%
SDP-
039 ROM
Ring of Magnetism
26.4%
SDP-
019 HSS
Hiro's Shadow Scout
25.8%
SDP-
008 AM
Aqua Madoor
23.9%
SDP-
011 SB
Sonic Bird
22.7%
SDP-
017 DC
Dream Clown
21.5%
SDP-
018 AN
Armed Ninja
21.5%
SDP-
047 RG
Robbin Goblin
19%
SDP-
012 JB
Jigen Bakugan
17.8%
SDP-
016 MM
Muka Muka
17.8%
SDP-
031 SD
Stop Defence
12.9%
Quiz Playlist
Details
Report
Send in Message
Add To Playlist
Classic:
Type in answers that appear in a list
Last Updated: Feb 16, 2017
Quiz Scoreboard
CHALLENGE
Sign Up to Join the Scoreboard
Show All
Scores
Hide
Comments
May contain spoilers
Recently Published
Popular People in 1961
by mucciniale
History
6m
1-10 Letter E Words III
by El_Dandy
Language
2m
One Thing in Common: World Cities II
by knightlancer
Geography
7m
More to Explore
Quiz From the Vault
Featured Blog Post
Where Did the Easter Bunny Come From?
hide this ad
You Might Also Like...
Tags
Card Games Quiz
deck
Starter
tcg
TCG Sets
toon
Yu-Gi-Oh
Yu-Gi-Oh Characters
Today's Top Quizzes in Gaming
Browse Gaming
hide this ad
Today's Top Quizzes in Card Games
Browse Card Games
Top Contributed Quizzes in Gaming
1
Destiny 2 exotic weapons by perk icons
2
Who's on the WWE 2K24 Cover?
3
Windmill: Pokémon
4
Overwatch 2 Heroes by Selection Quote
5
Overwatch 2: Ultimate Ability Icons
6
Genshin Impact Logic Puzzle
7
Genshin murder mystery
8
Legendary or Exotic?
9
Overwatch Logic Puzzle
10
Franchise by Action Figure
Explore More
Trending Topics
Harry Potter
NBA
Marvel
Anime
Kpop
Crossword
Disney
Country
The Office
Song
Soccer
WWE
Pokémon
Puzzle
NFL
hide this ad
More By:
stpgnrvr
Quiz
Plays
Rating
Category
Featured
Created
Mortal Kombat 2011 Battle Cries
1,355
4.50
Gaming
Jun 23, 2011
Mortal Kombat Kharacter by Occupation
1,260
4.25
Gaming
May 10, 2011
Grunge Bands by Songs
1,252
3.50
Music
Oct 7, 2009
90's Bands or Artists
1,252
3.62
Music
Feb 9, 2010
Mortal Kombat Kharacter by Animality
829
3.40
Gaming
May 10, 2011
Go to Creator's Profile
Score Distribution
Quiz Creator Spotlight
stpgnrvr
Follow
Send a Message
Quizzes Created
-
Created Quiz Play Count
-
More By This Creator
Popular Quizzes Today
1
Find the US States - No Outlines Minefield
2
The Countries of the World
3
Find the Countries of Europe - No Outlines Minefield
4
Popular People in 1961
5
1-10 Letter E Words III
6
Find the US States
7
One Thing in Common: World Cities II
8
US States
More Gaming Quizzes
Apex Legends Legends
Quiz Lab
Trending Quizzes
Risky Map Clicking: Least Populous States A-Z
1-10 Letter F Words
1-10 Letter G Words
One Thing in Common: United Kingdom
Risky Map Clicking: Next State Alphabetically
Recently Updated
Leaping Animals
pecheneg
Reality TV Shows (A-Z)
bhenderson79
Rickey Henderson's Hall of Fame Teammates
pecheneg
Champions League XIs: Arsenal
pecheneg
Quick Pick: Celebrities in WWE's Hall of Fame
aduchscher
A-Z Keypad Blitz II
pecheneg
Multiple Oscar Actors
pecheneg
Mystery Phrase Blitz: Oscar 'Best Actors'
pecheneg
F. Scott Fitzgerald Novels
LTH
Pick 3 Villains
ddd62291
Trending Topics
Disney
NBA
Harry Potter
Marvel
Anime
Crossword
Kpop
The Office
Song
Soccer
Puzzle
NFL
WWE
Country
Pokémon
Your Account Isn't Verified!
In order to create a playlist on Sporcle, you need to verify the email address you used during registration. Go to your
Sporcle Settings
to finish the process.
Report this User
Report this user for behavior that violates our
Community Guidelines
.
Details:
Send Report
Go to the Sporcle.com Mobile Site →
Comments